00000000cam 2200000zi 4500
0019.961868
003CaOODSP
00520260528084035
006m     o  d f      
007cr cn|||||||||
008260413s2009    onc     o    f000 0 eng d
040 |aCaOODSP|beng|erda|cCaOODSP
043 |an-cn---
0861 |aT52-4/310-2009E-PDF
24500|aAviation safety - performance measurement logic model.
264 1|a[Ottawa] : |bTransport Canada = Transports Canada, |c[2009]
300 |a1 online resource (1 page)
336 |atext|btxt|2rdacontent
337 |acomputer|bc|2rdamedia
338 |aonline resource|bcr|2rdacarrier
500 |aIssued also in French under title: Sécurité aérienne - modèle logique de mesure du rendement.
500 |a"TP 14849E (04/2009)."
500 |a"TC-1002969."
650 0|aAeronautics|zCanada|xSafety measures.
7101 |aCanada. |bTransport Canada, |eissuing body.
77508|tSécurité aérienne - modèle logique de mesure du rendement.|w(CaOODSP)9.963137
85640|qPDF|s299 KB|uhttps://publications.gc.ca/collections/collection_2026/tc/T52-4-310-2009-eng.pdf
986 |aTP 14849E
986 |aTC-1002969